| 000 | 00836nam a2200277Ia 4500 | ||
|---|---|---|---|
| 003 | OSt | ||
| 005 | 20220928130759.0 | ||
| 006 | a|||||r|||| 00| 0 | ||
| 007 | ta | ||
| 008 | 220927b |||||||| |||| 00| 0 eng d | ||
| 020 | _cUSD 55.00 | ||
| 024 | _a136903 | ||
| 037 |
_b095, 31/01/2018, N.R.Book Distributors _cTextual |
||
| 040 |
_aSDCL _cSDCL _beng |
||
| 041 |
_2eng _aeng |
||
| 082 | _aG:424, Q7 | ||
| 100 |
_aWilley Joanne M. _9425131 |
||
| 245 | 0 | _aPrescott's microbiology | |
| 250 | _a10 | ||
| 260 |
_aNew York _b Mc Graw Hill Education _c2017 |
||
| 300 |
_axxii,980p.+A-1 to I-50p. _ccm. |
||
| 650 | _aMicrobiology | ||
| 700 |
_a Sherwood Linda M. _9425132 |
||
| 942 |
_hG:424, Q7 _cTEXL _2CC |
||
| 999 |
_c788640 _d788640 |
||